Principios y técnicas de mediación: un método de resolución de conflictos

保存先:
書誌詳細
第一著者: Sparvieri, Elena (著者)
フォーマット: 図書
言語:スペイン語
出版事項: Buenos Aires Biblos 1995
版:1a. ed
主題:
タグ: タグ追加
タグなし, このレコードへの初めてのタグを付けませんか!

MARC

LEADER 00000nam a2200000 a 4500
001 UCK6828
003 CL-VaPUC
008 051021e19950000AG |||||||||||||||||spa|d
020 |a 9507860908 
082 0 4 |a 303.69  |b SPA  |2 21 
100 0 |a Sparvieri, Elena  |e author  |9 496295 
245 1 0 |a Principios y técnicas de mediación: un método de resolución de conflictos 
250 |a 1a. ed 
300 |a 116 p 
942 |c BK 
945 |d 20051021 00:00:00  |a cmena 
260 |a Buenos Aires  |b Biblos  |c 1995 
650 0 |a Mediación  |9 338396 
650 0 |a Relaciones interpersonales  |9 307056 
650 0 |a Comunicación interpersonal   |9 307498 
650 0 |a Resolución de conflictos  |9 434922 
583 |a last modification  |c 20051021 00:00:00  |k Rodrigo Vera 
999 |c 314974  |d 314972 
952 |0 0  |1 0  |4 0  |6 303_690000000000000_SPA_1995  |7 0  |8 A  |9 387834  |a BIBDER  |b BIBDER  |d 2019-11-22  |i 4176472  |o 303.69 SPA 1995  |p 4176472  |r 2023-01-25  |w 2019-11-22  |y BK  |k DER